Catálogo
 En Linea

Mediciones / (Registro nro. 20344)

Detalles MARC
000 -CABECERA
campo de control de longitud fija 00698nam a2200217 a 4500
001 - NÚMERO DE CONTROL
campo de control 000020841
005 - FECHA Y HORA DE LA ÚLTIMA TRANSACCIÓN
campo de control 20200930011156.0
008 - DATOS DE LONGITUD FIJA--INFORMACIÓN GENERAL
campo de control de longitud fija 100818s1968 mx a 000 0 spa d
040 ## - FUENTE DE LA CATALOGACIÓN
Centro catalogador/agencia de origen DO-SdBNP
Lengua de catalogación spa
Centro/agencia transcriptor BPJMB
082 ## - NÚMERO DE LA CLASIFICACIÓN DECIMAL DEWEY
Número de clasificación 621.3747
Número de documento/Ítem M489, 1968
245 00 - MENCIÓN DE TÍTULO
Título Mediciones /
Mención de responsabilidad, etc. traducción Alfonso Vasseur Walls.
250 ## - MENCIÓN DE EDICIÓN
Mención de edición 2a ed.
260 ## - PUBLICACIÓN, DISTRIBUCIÓN, ETC.
Lugar de publicación, distribución, etc. México :
Nombre del editor, distribuidor, etc. Centro Regional de Ayuda Técnica,
Fecha de publicación, distribución, etc. 1968.
300 ## - DESCRIPCIÓN FÍSICA
Extensión 72 p. :
Otras características físicas il. ;
Dimensiones 26 cm.
490 1# - MENCIÓN DE SERIE
Mención de serie Delmar;
-- Taller mecánico
650 #4 - PUNTO DE ACCESO ADICIONAL DE MATERIA--TÉRMINO DE MATERIA
Término de materia o nombre geográfico como elemento de entrada Medicción
9 (RLIN) 43681
650 #4 - PUNTO DE ACCESO ADICIONAL DE MATERIA--TÉRMINO DE MATERIA
Término de materia o nombre geográfico como elemento de entrada Instrumentos de medición
9 (RLIN) 43682
650 #4 - PUNTO DE ACCESO ADICIONAL DE MATERIA--TÉRMINO DE MATERIA
Término de materia o nombre geográfico como elemento de entrada Talleres mecánicos
9 (RLIN) 43683
700 1# - PUNTO DE ACCESO ADICIONAL--NOMBRE DE PERSONA
Nombre de persona Vasseur Walls, Alfonso
Término indicativo de función/relación tra.
9 (RLIN) 43684
830 #0 - PUNTO DE ACCESO ADICIONAL DE SERIE-TÍTULO UNIFORME
Título uniforme Delmar;
Nombre de parte o sección de la obra Taller mecánico
9 (RLIN) 43685

No hay ítems disponibles.

Con tecnología Koha